<?xml version="1.0" encoding="UTF-8"?>
<record
    xmlns:xsi="http://www.w3.org/2001/XMLSchema-instance"
    xsi:schemaLocation="http://www.loc.gov/MARC21/slim http://www.loc.gov/standards/marcxml/schema/MARC21slim.xsd"
    xmlns="http://www.loc.gov/MARC21/slim">

  <leader>01301nam a22002657a 4500</leader>
  <datafield tag="999" ind1=" " ind2=" ">
    <subfield code="c">2783</subfield>
    <subfield code="d">2783</subfield>
  </datafield>
  <controlfield tag="003">AR-CdUCM</controlfield>
  <controlfield tag="008">190305b           ||||| |||| 00| 0 spa d</controlfield>
  <datafield tag="020" ind1=" " ind2=" ">
    <subfield code="a">8401385520</subfield>
  </datafield>
  <datafield tag="040" ind1=" " ind2=" ">
    <subfield code="a">MUNICIPALIDAD PROVINCIAL DEL CUSCO</subfield>
    <subfield code="c">BIBLIOTECA MUNICIPAL DEL CUSCO</subfield>
  </datafield>
  <datafield tag="082" ind1=" " ind2=" ">
    <subfield code="a">839.97 / </subfield>
    <subfield code="b">F77</subfield>
  </datafield>
  <datafield tag="100" ind1=" " ind2=" ">
    <subfield code="a">Fosnes Hansen, Erik</subfield>
  </datafield>
  <datafield tag="245" ind1=" " ind2=" ">
    <subfield code="a">Himno al final del viaje /</subfield>
  </datafield>
  <datafield tag="260" ind1=" " ind2=" ">
    <subfield code="a">Espa&#xF1;a : </subfield>
    <subfield code="b">Plaza y Janes, </subfield>
    <subfield code="c">1996.</subfield>
  </datafield>
  <datafield tag="300" ind1=" " ind2=" ">
    <subfield code="a">456  p&#xE1;ginas ; </subfield>
    <subfield code="c">22  cm.</subfield>
  </datafield>
  <datafield tag="505" ind1=" " ind2=" ">
    <subfield code="a"> Resumen: Nos cuenta la historia de los m&#xFA;sicos que viajaban en el Titanic en su &#xFA;ltimo viaje. Una bella historia de unos m&#xFA;sicos que no dejaron de tocar en ning&#xFA;n momento a pesar de la tragedia que se viv&#xED;a. Jason Croward es el director de la orquesta. Comparte un camarote, detr&#xE1;s del almac&#xE9;n de patatas, con seis m&#xFA;sicos. Todos tienen algo en com&#xFA;n: un pasado del que prefieren no hablar, tiempos duros y oscuros, ambiciones y sue&#xF1;os que acabar&#xE1;n en el fondo del mar.</subfield>
  </datafield>
  <datafield tag="650" ind1=" " ind2=" ">
    <subfield code="a">Literatura noruega</subfield>
    <subfield code="9">9693</subfield>
  </datafield>
  <datafield tag="650" ind1=" " ind2=" ">
    <subfield code="a">Narrativa  - Noruega</subfield>
    <subfield code="9">9694</subfield>
  </datafield>
  <datafield tag="650" ind1=" " ind2=" ">
    <subfield code="a">Siglo XX</subfield>
    <subfield code="9">8</subfield>
  </datafield>
  <datafield tag="650" ind1=" " ind2=" ">
    <subfield code="a">Titanic - Ficci&#xF3;n</subfield>
    <subfield code="9">9695</subfield>
  </datafield>
  <datafield tag="650" ind1=" " ind2=" ">
    <subfield code="a">Novelas hist&#xF3;ricas</subfield>
    <subfield code="9">9696</subfield>
  </datafield>
  <datafield tag="700" ind1=" " ind2=" ">
    <subfield code="a">Baggethun, Kirsti (Traductora)</subfield>
    <subfield code="9">9697</subfield>
  </datafield>
  <datafield tag="700" ind1=" " ind2=" ">
    <subfield code="a">Lorenzo Torres, Asunci&#xF3;n (Traductor)</subfield>
    <subfield code="9">9698</subfield>
  </datafield>
  <datafield tag="942" ind1=" " ind2=" ">
    <subfield code="2">ddc</subfield>
    <subfield code="c">LIBROS</subfield>
  </datafield>
  <datafield tag="945" ind1=" " ind2=" ">
    <subfield code="a">lccs</subfield>
  </datafield>
  <datafield tag="952" ind1=" " ind2=" ">
    <subfield code="0">0</subfield>
    <subfield code="2">ddc</subfield>
    <subfield code="4">0</subfield>
    <subfield code="7">0</subfield>
    <subfield code="a">SH</subfield>
    <subfield code="b">SH</subfield>
    <subfield code="c">CART</subfield>
    <subfield code="d">2019-03-05</subfield>
    <subfield code="g">45.00</subfield>
    <subfield code="o">839.97 /  F77</subfield>
    <subfield code="p">SH0000003284</subfield>
    <subfield code="r">2019-03-05</subfield>
    <subfield code="y">LIBROS</subfield>
  </datafield>
</record>
